000 01755nam a2200241Ia 4500
008 260220t1972||||xx |||||||||||||| ||spa||
040 _aPY-SlUNAC
_bspa
_erda
041 _aspa
082 _a200
_bUr76d
100 _aUribarri, Javier Angulo
_eAutor
245 0 _aDocumentos socio - políticos de obispos españoles 1968 - 1972 /
_cpor Javier Angulo Uribarri [Autor]
264 _aMadrid :
_bPPC,
_c℗1972.
300 _a1 volumen
520 _aEl libro "Documentos socio-políticos de obispos españoles 1968-1972" de Javier Angulo Uribarri presenta una recopilación de textos eclesiásticos que reflejan la postura de la Iglesia católica en España durante un periodo crítico de su historia, marcado por tensiones sociales y políticas. A través de una selección de documentos, el autor examina las declaraciones y pronunciamientos de obispos que abordan temas como la dictadura franquista, la transición democrática, los derechos humanos y la justicia social. La obra no solo ofrece un análisis histórico de la influencia de la Iglesia en la sociedad española, sino que también ilustra cómo los líderes religiosos respondieron a los desafíos contemporáneos, destacando su papel como actores sociales. Esta recopilación es esencial para entender el contexto político y religioso de la época y la evolución de las ideas sociales en la Iglesia, brindando una perspectiva única sobre la interacción entre religión y política en un momento de cambio significativo en España.
653 _aIglesia católica
653 _aObispos
653 _aPolítica
942 _b2026/02/17
_cBK
999 _c6843
_d6843